Statistics for Best Player on Each NHL Team

Click here to take the quiz!

General Stats

  • This quiz has been taken 65 times
  • The average score is 19 of 32

Answer Stats

TeamPositionPlayer% Correct
Edmonton OilersCConnor McDavid
89%
Toronto Maple LeafsCAuston Matthews
77%
Colorado AvalancheDCale Makar
77%
Boston BruinsWDavid Pastrňák
77%
Pittsburgh PenguinsCSidney Crosby
77%
New Jersey DevilsCJack Hughes
75%
Detroit Red WingsCDylan Larkin
73%
New York RangersDAdam Fox
71%
Arizona CoyotesCClayton Keller
71%
Buffalo SabresCTage Thompson
71%
Dallas StarsWJason Robertson
70%
Florida PanthersWMatthew Tkachuk
70%
Vancouver CanucksCElias Pettersson
68%
Nashville PredatorsGJuuse Saros
68%
Montreal CanadiensWCole Caufield
66%
San Jose SharksDErik Karlsson
66%
Minnesota WildWKirill Kaprizov
66%
New York IslandersGIlya Sorokin
64%
Columbus Blue JacketsWJohnny Gaudreau
63%
Tampa Bay LightingCBrayden Point
61%
Vegas Golden KnightsWMark Stone
61%
Chicago BlackhawksDSeth Jones
61%
Winnipeg JetsGConnor Hellebuyck
59%
Anaheim DucksCTroy Terry
57%
Washington CapitalsDJohn Carlson
55%
Carolina HurricanesDJaccob Slavin
52%
Ottawa SenatorsWClaude Giroux
36%
Los Angeles KingsWAdrian Kempe
34%
Seattle KrakenWJared McCann
34%
Calgary FlamesWTyler Toffoli
25%
Philadelphia FlyersDTravis Sanheim
16%
St. Louis BluesWPavel Buchnevich
13%

Score Distribution

Percentile by Number Answered

Percent of People with Each Score

Your Score History

You have not taken this quiz